=LDR 00000nam 2200000 4500 =001 INLIS000000000035022 =005 20130612140916 =008 ***********************************Ind** =035 ##$$0010-061300000035022 =041 ##$$a Ind =082 ##$$a 591.5 =090 ##$$a 591.5, Suk p =100 ##$$a Sukarsono =245 ##$$a Pengantar ekologi hewan, Konsep, Perilaku, Psikologi dan Komunikasi, Sukarsono =260 ##$$a 2009 $b Malang =300 ##$$a xxv, 163 hlm, ilus, 22 cm =650 ##$$a Ekologi - Binatang =850 ##$$a NBPNMAT =990 ##$$a 21195052/BPAP-NTB/2014 =990 ##$$a 21601818/BPAP-NTB/2017